A concise dictionary of Egyptian archaeology :

محفوظ في:

المؤلف الرئيسي: Brodrick, Mary.

التنسيق: كتاب

اللغة: Undetermined

منشور في: London : Methuen and co., 1902.

الموضوعات:

الوسوم: إضافة وسم

لا توجد وسوم, كن أول من يضع وسما على هذه التسجيلة!

رقم الطلب: (Ref.) DT53 .B8

LEADER 00568nam a2200169Ia 4500
008 220712s9999||||xx |||||||||||||| ||und||
050 4 |a (Ref.) DT53 .B8 
100 1 |a Brodrick, Mary. 
245 1 2 |a A concise dictionary of Egyptian archaeology : 
264 1 |a London :  |b Methuen and co.,  |c 1902. 
300 |a 198p. :  |b  ; 
504 |a Bibliography. 
555 4 |o (Ref.) DT53 .B8 
650 |a Egypt Antiquities. 
650 4 |a Archaeology. 
952 |0 0  |1 0  |2 lcc  |4 0  |7 1  |9 41813  |a ARCE  |b ARCE  |d 2022-07-21  |l 0  |o (Ref.) DT53 .B8  |p 1037968  |r 2022-07-21 00:00:00  |w 2022-07-21  |y BK 
999 |c 48792  |d 48792